000 00239nam a2200109Ia 4500
008 200302s9999 xx 000 0 und d
100 _aR K Gautham
245 _aGreen Homes
260 _bBS Publications
260 _c2009
300 _a305 P
999 _c4280
_d4280